Entry Personal Name
Number of records used in: 1
001 - CONTROL NUMBER
003 - CONTROL NUMBER IDENTIFIER
005 - DATE AND TIME OF LATEST TRANSACTION
- control field:
20250602145234.0
008 - FIXED-LENGTH DATA ELEMENTS
- fixed length control field:
771118n| azannaabn |n aaa
010 ## - LIBRARY OF CONGRESS CONTROL NUMBER
- LC control number:
n 77014619
035 ## - SYSTEM CONTROL NUMBER
- System control number:
(OCoLC)oca00131081
040 ## - CATALOGING SOURCE
- Original cataloging agency:
DLC
- Language of cataloging:
eng
- Description conventions:
rda
- Transcribing agency:
DLC
- Modifying agency:
DLC
- Modifying agency:
OU
- Modifying agency:
OCoLC
100 1# - HEADING--PERSONAL NAME
- Personal name:
Schiffman, Leon G.
370 ## - ASSOCIATED PLACE
- Associated country:
United States
- Place of residence/headquarters:
New York (N.Y.)
- Source of term:
naf
372 ## - FIELD OF ACTIVITY
- Field of activity:
Motivation research (Marketing)
- Field of activity:
Electronic commerce
- Source of term:
lcsh
373 ## - ASSOCIATED GROUP
- Associated group:
St. John's University (New York, N.Y.). Peter J. Tobin College of Business
377 ## - ASSOCIATED LANGUAGE
670 ## - SOURCE DATA FOUND
- Source citation:
His Consumer behavior, 1978:
- Information found:
t.p. (Leon G. Schiffman; Baruch Coll., CUNY)
670 ## - SOURCE DATA FOUND
- Source citation:
Consumer behavior, 2010, ©2010:
- Information found:
title page (Leon G. Schiffman; J. Donald Kennedy Chair in E-Commerce, Peter J. Tobin College of Business, St. John's University, New York City)